00326nam a2200109Ia 4500008004000000020001800040082001500058100001700073245007500090260003900165300001200204210210b1991 xxu||||| |||| 00| 0 eng d a81 7054 125 5 a320.8 SAHS aSAHAY (B K). aState supervision over muncipal administration: a case study of bihar. aNDbClassical Publishing Co.c1991 axvi,327